Piłkarze Reprezentacji Republiki Południowej Afryki - nagła śmierć - Statystyki

Ogólne statystyki
  • Ten quiz został rozwiązany 8 razy
  • Średni wynik to 3 z 15
Answers on the Grid
Answers color-coded by a green-red scale on the quiz's grid according to % correct below.
Kings Kangwa
Teboho Mokoena
Sabelo Ndzinisa
Lyle Foster
Steven Pienaar
William Troost-Ekong
Percy Tau
Evidence Makgopa
Ryan Nyambe
Siphiwe Tshabalala
Benny McCarthy
Godfrey Oboabona
Tokelo Rantie
Thulani Serero
DaMarcus Beasley
Lebo Mothiba
Chris Wood
Kamohelo Mokotjo
Dean Furman
Mile Jedinak
Bernard Parker
Kagisho Dikgacoi
Katlego Mphela
Jamilu Collins
 
Statystyki odpowiedzi
Odpowiedź % Poprawnych
Siphiwe Tshabalala
67%
Steven Pienaar
50%
Benny McCarthy
33%
Kamohelo Mokotjo
33%
Katlego Mphela
33%
Bernard Parker
17%
Dean Furman
17%
Lyle Foster
17%
Teboho Mokoena
17%
Evidence Makgopa
0%
Kagisho Dikgacoi
0%
Lebo Mothiba
0%
Percy Tau
0%
Thulani Serero
0%
Tokelo Rantie
0%
Nie znaleziono quizów pasujących do podanych kryteriów
Rozkład punktacji
Procent ludzi z każdym wynikiem
Percentyl według liczby udzielonych odpowiedzi
Twoja historia wyników
Nie rozwiązałeś tego quizu